मधुकांत की इक्यावन लघुकथाए तथा उनका समीक्षात्मक अधयन (Record no. 396499)

MARC details
000 -LEADER
fixed length control field 00728 a2200205 4500
005 - DATE & TIME
control field 20260218150937.0
008 - FIXED-LENGTH DATA ELEMENTS--GENERAL INFORMATION
fixed length control field 260218b |||||||| |||| 00| 0 eng d
020 ## - ISBN
Price रु 400.00
040 ## - CATALOGING SOURCE
Original cataloging agency VIVEKANANDA LIBRARY
082 ## - DDC NUMBER
Classification number 891.43301741
Book Number MK264:AL
100 ## - MAIN ENTRY--PERSONAL NAME
Personal name अग्रवाल, लता
110 ## - MAIN ENTRY--CORPORATE NAME
Corporate name
245 ## - TITLE STATEMENT
Title मधुकांत की इक्यावन लघुकथाए तथा उनका समीक्षात्मक अधयन
250 ## - EDITION STATEMENT
Edition statement Latest edition
260 ## - PUBLICATION, DISTRIBUTION, ETC. (IMPRINT)
Name of publisher, distributor, etc मोनिका प्रकाशन
Place of publication, distribution, etc दिल्ली
Date of publication, distribution, etc 2020
300 ## - PHYSICAL DESCRIPTION
Pages 127
650 ## - Subject
Subject हिन्दी साहित्य
651 ## - SUBJECT ADDED ENTRY--GEOGRAPHIC NAME
Geographic name लधुकथाएँ - संग्रह
942 ## - ADDED ENTRY ELEMENTS (KOHA)
Koha item type Hindi Books
Holdings
Withdrawn status Lost status Source of classification or shelving scheme Damaged status Not for loan Location (home branch) Sublocation or collection (holding branch) Date acquired Koha issues (times borrowed) Accession No. Koha date last seen Koha item type
    Dewey Decimal Classification     VIVEKANANDA LIBRARY VIVEKANANDA LIBRARY 10/02/2026   438232 10/02/2026 Books
© Designed and Maintained by Vivekananda Library, MDU Rohtak